|
|
|
|
| LEADER |
01288nam a2200313 a 4500 |
| 001 |
132 |
| 003 |
BD-DhAAL |
| 005 |
20150125102709.0 |
| 008 |
150125s1996 cau b 001 0 eng |
| 010 |
|
|
|a 95035744
|
| 020 |
|
|
|a 0803959672 (cloth : alk. paper)
|
| 020 |
|
|
|a 0803959680 (pbk. : alk. paper)
|
| 040 |
|
|
|a DLC
|c DLC
|d DLC
|d BD-DhAAL
|
| 050 |
0 |
0 |
|a HD6971.8
|b .G74 1996
|
| 082 |
0 |
0 |
|a 658.3
|2 20
|
| 100 |
1 |
|
|a Greenberg, Jerald.
|9 7451
|
| 245 |
1 |
4 |
|a The quest for justice on the job :
|b essays and experiments /
|c Jerald Greenberg.
|
| 260 |
|
|
|a Thousand Oaks, Calif. :
|b Sage Publications,
|c c1996.
|
| 300 |
|
|
|a xi, 428 p. ;
|b 24 cm.
|
| 504 |
|
|
|a Includes bibliographical references and index.
|
| 541 |
|
|
|e 132
|
| 650 |
|
0 |
|a Employee rights.
|9 7452
|
| 650 |
|
0 |
|a Supervision of employees.
|9 7453
|
| 650 |
|
0 |
|a Personnel management.
|9 7454
|
| 650 |
|
0 |
|a Organizational justice.
|9 7455
|
| 942 |
|
|
|2 ddc
|c BK
|
| 999 |
|
|
|c 33502
|d 33502
|
| 952 |
|
|
|0 0
|1 0
|2 ddc
|4 0
|6 658_300000000000000_GRE
|7 0
|9 50332
|a SCL
|b SCL
|c GEN
|d 2015-01-25
|e Gift: The Asia Foundation
|l 0
|o 658.3 GRE
|p 3020000132
|r 2015-01-25
|t 1
|w 2015-01-25
|y BK
|
| 952 |
|
|
|0 0
|1 0
|2 ddc
|4 0
|6 658_300000000000000_GRE
|7 0
|9 52882
|a SCL
|b SCL
|c GEN
|d 2015-03-04
|e Gift: The Asia Foundation
|l 1
|o 658.3 GRE
|p 3020000131
|r 2025-09-10
|s 2025-09-10
|t 2
|w 2015-03-04
|y BK
|